| 000 | 01343nam a2200313 i 4500 | ||
|---|---|---|---|
| 001 | bg | ||
| 003 | BPK | ||
| 005 | 20200117105450.0 | ||
| 008 | 960731s1994 pl f f |000 0 pol | ||
| 040 | _cBPK | ||
| 041 | 0 | _apol | |
| 080 | _a621.3 | ||
| 080 | _a(075.8) | ||
| 245 | 0 | 0 |
_aLaboratorium elektrotechniki i elektroniki / _cpod red. W[łodzimierza] Pawliny ; Wyższa Szkoła Inżynierska w Koszalinie. |
| 250 | _a[Wyd.3]. | ||
| 260 |
_aKoszalin : _bWydawnictwo Uczelniane WSI, _c1994. |
||
| 300 |
_a361, [1] s. : _brys., wykr. ; _c24 cm. |
||
| 500 | _aSkrypt Wydziału Mechanicznego do przedmiotu "Elektrotechnika i elektronika". | ||
| 504 | _aBibliogr. przy rozdz. | ||
| 655 | 4 | _aPodręczniki akademickie | |
| 650 | 4 | _aElektronika | |
| 650 | 4 | _aElektrotechnika | |
| 710 | 2 |
_aWydawnictwo Uczelniane (Wyższa Szkoła Inżynierska ; Koszalin) _bWydawnictwo Uczelniane. _4pbl. |
|
| 700 | 1 |
_aPawlina, Włodzimierz _eRedakcja |
|
| 856 |
_uhttp://dlibra.tu.koszalin.pl/dlibra/docmetadata?id=5&from=&dirids=1&ver_id=&lp=1&QI= _yBiblioteka Cyfrowa |
||
| 942 |
_cKS _2UKD |
||
| 856 |
_uhttp://koha.tu.koszalin.pl/cgi-bin/koha/opac-detail.pl?biblionumber=41470 _yKatalog online BPK |
||
| 999 |
_c41470 _d41470 |
||